Les 10 pays européens avec le taux de fécondité le plus haut - Statistiques

Statistiques générales
  • Ce quiz a été pris 147 fois
  • Le résultat moyen est 5 sur 10
Statistiques - réponses
Place Nombre d'enfants par femme Pays % Correct
5 1,79 France
98%
7 1,74 Roumanie
57%
9 1,72 Danemark
54%
6 1,76 Irlande
52%
8 1,72 Islande
52%
10 1,70 République Tchèque
42%
4 1,80 Moldavie
39%
2 2,08 Monaco
37%
3 1,86 Turquie
34%
1 2,71 Iles Féroé
0%
Aucun quiz correspondant
Distribution des résultats
% des personnes avec chaque résultat
Percentile par nombre de réponses
Votre historique - résultats
Vous n’avez pas pris ce quiz